Ensayos.
Сохранить в:
| Главный автор: | |
|---|---|
| Другие авторы: | |
| Формат: | |
| Язык: | испанский |
| Опубликовано: |
Madrid, España:
M.Aguilar,
1947.
|
| Серии: | Colección Crisol;
217 |
| Предметы: | |
| Метки: |
Добавить метку
Нет меток, Требуется 1-ая метка записи!
|
MARC
| LEADER | 00000nam a2200000 a 4500 | ||
|---|---|---|---|
| 001 | UCT1296 | ||
| 003 | CL-VaPUC | ||
| 005 | 20220822114458.0 | ||
| 008 | 960927e19550000AG |||||||||||||||||spa|d | ||
| 999 | |c 435947 |d 435945 | ||
| 040 | |c Pontificia Universidad Católica de Valparaíso | ||
| 082 | 0 | 7 | |a 814 EME 1947 |2 22 |
| 100 | 0 | |a Emerson, Ralph Waldo |e autor |9 328682 | |
| 245 | 1 | 0 | |a Ensayos. |
| 260 | |a Madrid, España: |b M.Aguilar, |c 1947. | ||
| 300 | |a 604 páginas. | ||
| 490 | |a Colección Crisol; |v 217 | ||
| 500 | |a c.1 Donación Familia Prof. Alejandro Guzmán Brito. | ||
| 583 | |a last modification |c 19960927 00:00:00 |k Cristina María Rojas Aguilar | ||
| 650 | 0 | |a Ensayos estadounidenses |9 268384 | |
| 700 | |a Echeverría, Luis |e traductor |9 526946 | ||
| 942 | |c BK |2 ddc |n 0 | ||
| 952 | |0 0 |1 0 |2 ddc |4 0 |6 814_000000000000000_EME_1947 |7 0 |8 C_AGB |9 583608 |a BIBDER |b BIBDER |d 2022-06-13 |e Donación |i 5651687 |o 814 EME 1947 |p 5651687 |r 2023-01-25 |t 1 |w 2022-06-13 |y BK_US |k AGB | ||